000 00424cam a2200181ua 4500
020 _c2.00
041 _aeng
_h
082 _a530.11
_bMCC/ RE
100 _aMcCrea, W H .
245 _aRelativity physics /
_cW H McCrea.
_hTextual Documents
250 _a4 /
_b.
260 _aNewyork :
_bMethuen and Co. Ltd ,
_c1965.
300 _a87 ; .
365 _a2.00
504 _a
942 _cBK
999 _c2234
_d2234